[Event "CCAS Open"]
[Site "Cap d'Agde FRA"]
[Date "2003.10.25"]
[Round "4"]
[White "Beudaert,X"]
[Black "Libiszewski,F"]
[Result "1/2-1/2"]
[WhiteElo "2272"]
[BlackElo "2446"]

1.d4 d5 2.c4 Nc6 3.Nf3 Bg4 4.Nc3 e6 5.e3 Nf6 6.Qa4 Nd7 7.cxd5 Nb6 8.Qc2 exd5
9.Be2 Bd6 10.O-O O-O 11.a3 a6 12.Ne1 Bxe2 13.Nxe2 Re8 14.Nd3 Qh4 15.g3 Qe4
16.Bd2 Nc4 17.Rac1 Qf3 18.Bc3 g5 19.a4 Re6 20.Ne1 Qh5 21.Qf5 Qxe2 22.Qxg5+ Rg6
23.Qxd5 Nb6 24.Qb3 Rh6 25.Ng2 Qh5 26.h4 Re8 27.Rfe1 a5 28.e4 Qg4 29.Ne3 Qh3
30.Nf5 Rg6 31.Re3 Bf4 32.Rce1 Bxe3 33.Rxe3 Ne7 34.Qb5 Kf8 35.Bxa5 Nxf5 36.exf5 Rxe3
37.fxg6 Re6 38.gxh7 Kg7 39.d5 Rh6 40.Qe8 Rxh7 41.Bc3+ f6 42.Qe7+ Kg8 43.Qe8+ Kg7  1/2-1/2

[Event "Classics II GM"]
[Site "Gausdal NOR"]
[Date "2003.10.26"]
[Round "7"]
[White "Tallaksen,G"]
[Black "Berg,E"]
[Result "1/2-1/2"]
[WhiteElo "2327"]
[BlackElo "2489"]

1.d4 d5 2.c4 Nc6 3.cxd5 Qxd5 4.e3 e5 5.Nc3 Bb4 6.Bd2 Bxc3 7.Bxc3 exd4 8.Ne2 Nf6
9.Nxd4 O-O 10.Nb5 Qg5 11.Qf3 Nd5 12.h4 Qf5 13.Be2 Nxc3 14.Qxf5 Bxf5 15.Nxc3 Rfd8
16.Rd1 Nb4 17.O-O Bd3 18.a3 Bxe2 19.Nxe2 Nd3 20.Rd2 Rd6 21.Nd4 Ne5 22.Rc2 c6
23.Rfc1 g6 24.Kf1 Kg7 25.Ke2 Rad8 26.b4 h5 27.g3 Ng4 28.a4 Ne5 29.b5 cxb5
30.axb5 a5 31.bxa6 bxa6 32.Ra1 Rb8 33.Ra5 Kf6 34.Rac5 Rbb6 35.Ra5 Nc6 36.Nxc6 Rdxc6
37.Rxc6+ Rxc6 38.e4 Ke6 39.Ke3 Kd7 40.f4 Kc7 41.f5 Kb6 42.Ra1 gxf5 43.exf5 Rc4
44.Rb1+ Kc6 45.Ra1 Kb5 46.Rb1+ Kc6 47.Ra1 Kb5  1/2-1/2

[Event "Classics II IM"]
[Site "Gausdal NOR"]
[Date "2003.10.26"]
[Round "8"]
[White "Olsson,L"]
[Black "Bromann,T"]
[Result "1/2-1/2"]
[WhiteElo "2269"]
[BlackElo "2323"]

1.d4 d5 2.c4 Nc6 3.Nf3 Bg4 4.Nc3 e6 5.cxd5 exd5 6.Bf4 Bd6 7.Nxd5 Bxf4 8.Nxf4 Bxf3
9.gxf3 Qxd4 10.Qxd4 Nxd4 11.O-O-O Rd8 12.e3 Ne6 13.Rxd8+ Kxd8 14.Nxe6+ fxe6
15.Rg1 g6 16.Bh3 Ke7 17.Rg5 Kf6  1/2-1/2

[Event "LXVIII ch-ESP Abierto"]
[Site "Burgos ESP"]
[Date "2003.10.27"]
[Round "4"]
[White "Jerez Perez,A"]
[Black "Colas Longares,R"]
[Result "0-1"]
[WhiteElo "2420"]
[BlackElo "2337"]

1.d4 d5 2.c4 Nc6 3.cxd5 Qxd5 4.e3 e5 5.Nc3 Qd8 6.d5 Nce7 7.Nf3 Ng6 8.Bb5+ Bd7
9.Qb3 Rb8 10.Qa4 a6 11.Bxd7+ Qxd7 12.Qxd7+ Kxd7 13.O-O Bd6 14.b3 Nf6 15.Bb2 h6
16.Rfd1 Nh7 17.Rac1 f5 18.Na4 Ng5 19.Nd2 h5 20.Nc5+ Ke7 21.b4 h4 22.h3 Rhf8
23.Nc4 f4 24.Nxd6 cxd6 25.Nb3 Kd7 26.Nd2 fxe3 27.fxe3 Ne7 28.Nc4 b5 29.Na5 Rbc8
30.Bc3 Ne4 31.Be1 g5 32.Nb3 Rxc1 33.Nxc1 Rc8 34.Nd3 Rc2 35.Nf2 Nxf2 36.Bxf2 Rxa2
37.e4 Rb2 38.Be1 Re2 39.Bd2 Rxe4 40.Bxg5 Rxb4 41.Rd3 a5 42.Bd2 Rb1+ 43.Kf2 b4  0-1

[Event "LXVIII ch-ESP Abierto"]
[Site "Burgos ESP"]
[Date "2003.10.30"]
[Round "7"]
[White "Santos Santos,P"]
[Black "Baches Garcia,G"]
[Result "1/2-1/2"]
[WhiteElo "2305"]
[BlackElo "2400"]

1.d4 d5 2.c4 Nc6 3.cxd5 Qxd5 4.e3 e5 5.Nc3 Bb4 6.Bd2 Bxc3 7.Bxc3 exd4 8.Ne2 Nf6
9.Nxd4 O-O 10.Nb5 Bg4 11.Qxd5 Nxd5 12.Bc4 Nxc3 13.Nxc3 Ne5 14.Be2 Be6 15.O-O-O Rad8
16.f4 Ng4 17.Bxg4 Bxg4 18.Rxd8 Rxd8 19.h3 Be6 20.e4 f6 21.Rd1 Rxd1+ 22.Kxd1 Bc4
23.h4 Kf7 24.Kd2 c5 25.a4 Ke7 26.Ke3 b6 27.g3 a6  1/2-1/2

[Event "Curacao Open"]
[Site "Willemstad AHO"]
[Date "2003.11.02"]
[Round "8"]
[White "Mensing,F"]
[Black "Haag,M"]
[Result "0-1"]
[WhiteElo "2157"]
[BlackElo "2324"]

1.d4 d5 2.c4 Nc6 3.Nf3 Bg4 4.Nc3 e6 5.cxd5 exd5 6.e3 Bb4 7.a3 Bxc3+ 8.bxc3 Nf6
9.Bb5 Bd7 10.Nd2 O-O 11.O-O Re8 12.Nb3 Nb8 13.Bd3 Ba4 14.Rb1 Nc6 15.Qe1 Bxb3
16.Rxb3 Na5 17.Rb2 c5 18.f3 Rc8 19.Qh4 b6 20.g4 g6 21.e4 dxe4 22.Bg5 exd3
23.Bxf6 Qd6 24.f4 cxd4 25.cxd4 Rc2 26.Rb5 Ree2 27.Be5 Rg2+ 28.Kh1 Rxh2+ 29.Qxh2 Rxh2+
30.Kxh2 Qd7 31.Rfb1 Nc4 32.R5b3 f6 33.Rc3 fxe5 34.Rxc4 e4 35.Rbc1 Qxg4 36.Rc8+ Kg7
37.R8c7+ Kh6 38.d5 d2  0-1

[Event "7th BayEM"]
[Site "Bad Wiessee GER"]
[Date "2003.11.08"]
[Round "1"]
[White "Wiley,To"]
[Black "Freise,E"]
[Result "1-0"]
[WhiteElo "2317"]
[BlackElo "2018"]

1.d4 d5 2.c4 Nc6 3.Nc3 dxc4 4.Nf3 Bg4 5.d5 Bxf3 6.exf3 Na5 7.Qa4+ c6 8.b4 cxb3
9.axb3 e6 10.dxe6 fxe6 11.Bd2 Bc5 12.Qxa5 Bxf2+ 13.Kxf2 Qxd2+ 14.Ne2 Qd3
15.Qe5 Kf7 16.Nd4 Qd2+ 17.Be2 Qh6 18.Bc4 Qf6 19.Bxe6+ Kg6 20.Qe4+ Kh6 21.Nf5+  1-0

[Event "ch-Europe Internet Blitz"]
[Site "playchess.com INT"]
[Date "2003.11.09"]
[Round "1.3"]
[White "Svetushkin,D"]
[Black "Rabiega,R"]
[Result "0-1"]
[WhiteElo "2570"]
[BlackElo "2522"]

1.d4 d5 2.c4 Nc6 3.Nf3 Bg4 4.Nc3 e6 5.cxd5 exd5 6.Bf4 Bxf3 7.gxf3 Bd6 8.Bg3 Nge7
9.e3 h5 10.Bd3 h4 11.Bxd6 Qxd6 12.f4 O-O-O 13.Qg4+ Kb8 14.Qxg7 Rdg8 15.Qxf7 Nd8
16.Qxg8 Rxg8 17.O-O-O Ne6 18.Rhg1 Rxg1 19.Rxg1 a6 20.Rg4 h3 21.Rh4 c5 22.dxc5 Nxc5
23.Bc2 d4 24.exd4 Qxd4 25.Rxh3 Qxf4+ 26.Re3 Nf5 27.Bxf5 Qxf5 28.Re2 Nd3+
29.Kd2 Nxf2 30.h4 Qf4+ 31.Kc2 Qxh4 32.a3 Qh7+ 33.Kb3 Qf7+ 34.Kc2 Qf5+ 35.Kb3 Nd3
36.Rd2 Nc1+ 37.Kb4 Qf4+  0-1

[Event "7th BayEM"]
[Site "Bad Wiessee GER"]
[Date "2003.11.10"]
[Round "3"]
[White "Burmakin,V"]
[Black "Lindemann,C"]
[Result "1-0"]
[WhiteElo "2590"]
[BlackElo "2198"]

1.d4 d5 2.c4 Nc6 3.e3 e5 4.cxd5 Qxd5 5.Nc3 Bb4 6.Bd2 Bxc3 7.bxc3 Nf6 8.Qb3 Qxb3
9.axb3 exd4 10.cxd4 Ne4 11.Bb5 Bd7 12.Nf3 f6 13.Ke2 Nxd2 14.Kxd2 Ne7 15.Bd3 O-O
16.Rhc1 c6 17.Bc4+ Kh8 18.b4 Nc8 19.Ne1 Nd6 20.Nd3 a6 21.Nc5 Rad8 22.e4 Rfe8
23.Bd3 Bc8 24.f3 Nf7 25.Kc3 Ng5 26.Bc4 Re7 27.Rd1 g6 28.Ra2 Kg7 29.h4 Nf7
30.Rad2 Nd6 31.Bf1 Ne8 32.Kb2 Nc7 33.d5 cxd5 34.exd5 Rd6 35.Ne4 Ne8 36.Nxd6 Nxd6  1-0

[Event "TCh-SWE 2003-4"]
[Site "Malmo SWE"]
[Date "2003.11.10"]
[Round "2"]
[White "Eriksson,Jon SWE"]
[Black "Madebrink,L"]
[Result "1/2-1/2"]
[WhiteElo "2296"]
[BlackElo "2263"]

1.d4 d5 2.c4 Nc6 3.cxd5 Qxd5 4.e3 e5 5.Nc3 Bb4 6.Bd2 Bxc3 7.bxc3 Qd6 8.Bd3 Nf6
9.Qb1 O-O 10.Ne2 Re8 11.f3 Rb8 12.O-O Be6 13.Ng3 h6 14.Rf2 Qa3 15.Ne4 Nxe4
16.fxe4 Bd7 17.Bc4 Nd8 18.Qf1 Re7 19.Rb1 Qd6 20.Bc1 Be6 21.d5 Bd7 22.Rb3 Qg6
23.Ba3 Re8 24.Bd3 b6 25.Rf3 Kh8 26.Rb2 f6 27.Rg3 Qh5 28.Rf2 Qh4 29.Rg6 Kh7
30.Rg3 Nb7 31.Rf5 Bxf5 32.Qxf5+ Kh8 33.Qg6 Rg8 34.Kf1 Nd6 35.Bxd6 cxd6 36.h3 f5
37.exf5 Qf6 38.Qh5 g5 39.e4 Rbc8 40.c4 Rc7 41.Be2 Kh7  1/2-1/2

[Event "7th BayEM"]
[Site "Bad Wiessee GER"]
[Date "2003.11.11"]
[Round "4"]
[White "Stern,R"]
[Black "Loew,G"]
[Result "1-0"]
[WhiteElo "2484"]
[BlackElo "2264"]

1.d4 d5 2.c4 Nc6 3.Nc3 dxc4 4.d5 Ne5 5.f4 Nd7 6.e4 Nb6 7.Bxc4 Nxc4 8.Qa4+ Bd7
9.Qxc4 c6 10.Nf3 e6 11.Be3 Nf6 12.O-O Qa5 13.Rad1 cxd5 14.exd5 Rc8 15.Qe2 Bb4
16.Bd4 O-O 17.Bxf6 gxf6 18.Ne4 Be7 19.dxe6 Bb5 20.exf7+ Rxf7 21.Qe1 Qxa2
22.Rf2 Bc6 23.Kh1 a5 24.Nd4 Bb4 25.Qe2 Bxe4 26.Qg4+ Kh8 27.Qxc8+ Rf8 28.Qe6 Bd5
29.Qf5 Bc5 30.Ne6 Bxe6 31.Qxc5 Rf7 32.h3  1-0

[Event "TCh-SWE 2003-4"]
[Site "Malmo SWE"]
[Date "2003.11.11"]
[Round "3"]
[White "Bator,R"]
[Black "Madebrink,L"]
[Result "1-0"]
[WhiteElo "2419"]
[BlackElo "2263"]

1.d4 d5 2.c4 Nc6 3.Nf3 Bg4 4.cxd5 Bxf3 5.gxf3 Qxd5 6.e3 e5 7.Nc3 Bb4 8.Bd2 Bxc3
9.bxc3 Qd6 10.f4 exf4 11.e4 Nge7 12.Qf3 Ng6 13.e5 Qe7 14.Qe4 O-O 15.h4 Rfe8
16.h5 Ngxe5 17.dxe5 Qa3 18.Qc2 Rxe5+ 19.Kd1 Rd8 20.Rh3 f3 21.Rxf3 Nd4 22.Rd3 Nc6
23.Rxd8+ Nxd8 24.Be2 Ne6 25.Rb1 b6 26.Rb4 Qa5 27.Be3 Qd5+ 28.Kc1 c5 29.Ra4 a5
30.Qd1 Qc6 31.Bf3 Qc7 32.h6 g6 33.Re4 Rxe4 34.Bxe4 Qe5 35.Qd3 a4 36.Bd5 a3
37.Bxe6 fxe6 38.Qd8+ Kf7 39.Qd7+ Kf8 40.Qd8+ Kf7 41.Qd7+ Kf8 42.Kc2  1-0

[Event "TCh-SWE 2003-4"]
[Site "Malmo SWE"]
[Date "2003.11.11"]
[Round "3"]
[White "Barkhagen,J"]
[Black "Svenn,G"]
[Result "1-0"]
[WhiteElo "2480"]
[BlackElo "2360"]

1.d4 d5 2.c4 Nc6 3.cxd5 Qxd5 4.e3 e5 5.Nc3 Bb4 6.Bd2 Bxc3 7.Bxc3 exd4 8.Ne2 Nf6
9.Nxd4 O-O 10.Qa4 Ne5 11.Nb5 Ne4 12.Nxc7 Nxc3 13.Qc2 Qa5 14.Qxc3 Qxc3+ 15.bxc3 Rb8
16.O-O-O b6 17.f3 Rb7 18.Nb5 Be6 19.Kb2 a6 20.Na3 b5 21.Rd4 g6 22.Be2 Rc8
23.f4 Nc6 24.Bf3 Rbc7 25.Bxc6 Rxc6 26.Nb1 Kg7 27.Rhd1 Rc5 28.e4 h5 29.h4 Bg4
30.R1d2 Be6 31.a3 a5 32.Rc2 R8c7 33.Nd2 a4 34.Nf3 Bb3 35.Rc1 Rc8 36.Ne5 Be6
37.Nd3 R5c7 38.Nb4 Rc5 39.Nd3 R5c7 40.Nf2 Rc5 41.g3 R5c7 42.Nd3 Bc4 43.Ne5 Be6
44.Nf3 Bg4 45.Nd2 Be6 46.e5 Bf5 47.Rd5 Rc5 48.Rxc5 Rxc5 49.Nf3 f6 50.exf6+ Kxf6
51.Re1 Bd7 52.Nd4 Bf5 53.Re8 Bd3 54.Re3 Bf5 55.Kc1 Bh3 56.Kd2 Bf1 57.Re6+ Kf7
58.Re5 Rxe5 59.fxe5 g5 60.hxg5 Kg6 61.e6 Bh3 62.Ke3 Kxg5 63.Ke4 Kf6 64.Kd5 Ke7
65.Ke5  1-0

[Event "7th BayEM"]
[Site "Bad Wiessee GER"]
[Date "2003.11.15"]
[Round "8"]
[White "Schenk,A"]
[Black "Loew,G"]
[Result "1/2-1/2"]
[WhiteElo "2499"]
[BlackElo "2264"]

1.d4 d5 2.c4 Nc6 3.cxd5 Qxd5 4.e3 e5 5.Nc3 Bb4 6.Bd2 Bxc3 7.Bxc3 exd4 8.Ne2 Nf6
9.Nxd4 O-O 10.Nb5 Qg5 11.h4 Qh6 12.Qf3 Bg4 13.Qg3 Rad8 14.Bc4 Be6 15.Bxe6 fxe6
16.Qg5 Qxg5 17.hxg5 Nd5 18.e4  1/2-1/2

[Event "7th BayEM"]
[Site "Bad Wiessee GER"]
[Date "2003.11.15"]
[Round "8"]
[White "Holzapfel,D"]
[Black "Pirrot,D"]
[Result "1/2-1/2"]
[WhiteElo "2305"]
[BlackElo "2422"]

1.d4 d5 2.c4 Nc6 3.Nc3 Nf6 4.cxd5 Nxd5 5.e4 Nxc3 6.bxc3 e5 7.d5 Nb8 8.Nf3 Nd7
9.Be2 Bd6 10.Bg5 f6 11.Be3 O-O 12.O-O Nc5 13.Nd2 f5 14.exf5 Bxf5 15.Nc4  1/2-1/2

[Event "13th WSen"]
[Site "Bad Zwischenahn GER"]
[Date "2003.11.20"]
[Round "4"]
[White "Chernikov,O"]
[Black "Hermann,Man"]
[Result "1-0"]
[WhiteElo "2453"]
[BlackElo "2324"]

1.d4 d5 2.c4 Nc6 3.Nf3 Bg4 4.cxd5 Bxf3 5.dxc6 Bxc6 6.Nc3 e6 7.e4 Bb4 8.f3 Qh4+
9.g3 Qf6 10.Be3 Ne7 11.Be2 Qg6 12.Qc2 f5 13.Bd3 Qf6 14.O-O-O Ba5 15.Na4 Bb6
16.Nc5 Bxc5 17.Qxc5 b6 18.Qc3 O-O 19.Rhe1 Bb7 20.Kb1 Rac8 21.Qb3 Kh8 22.Bg1 fxe4
23.fxe4 Nc6 24.Rf1 Qe7 25.a3 Rcd8 26.Rxf8+ Rxf8 27.Qc3 Rf3 28.Qd2 Nd8 29.Be3 Rf8
30.Bf4 Nf7 31.Qc3 Nd6 32.Re1 Re8 33.h4 Qd7 34.h5 h6 35.g4 Nb5 36.Bxb5 Qxb5
37.Qxc7 Qd3+ 38.Ka1 Bxe4 39.Bxh6 gxh6 40.Qe5+ Kg8 41.Rxe4 Qf1+ 42.Re1 Qf3
43.Qb5 Re7 44.d5 Qg3 45.Re4 Qd6 46.dxe6 Kg7 47.Qf5 Qd2 48.Qe5+ Kg8 49.Rc4 Qd8
50.g5 Qd1+ 51.Ka2 Qxh5 52.Rc8+ Re8 53.Qb8 Rxc8 54.Qxc8+ Kg7 55.Qd7+ Kg8 56.gxh6 Qg4
57.Qf7+ Kh8 58.e7  1-0

[Event "TCh-AUT 2003-4"]
[Site "Graz AUT"]
[Date "2003.11.29"]
[Round "2"]
[White "Miniboeck,G"]
[Black "Kuba,G"]
[Result "1/2-1/2"]
[WhiteElo "2333"]
[BlackElo "2356"]

1.d4 d5 2.c4 Nc6 3.cxd5 Qxd5 4.e3 e5 5.Nc3 Bb4 6.Bd2 Bxc3 7.bxc3 Nf6 8.f3 e4
9.c4 Qd6 10.Qb1 exf3 11.Nxf3 O-O 12.Bd3 Bg4 13.O-O Rfe8 14.a3 b6 15.Ra2 Bh5
16.Bc1 Bg6 17.Re2 Re7 18.Bb2 Rae8 19.Rfe1 Be4 20.Qc2 Ng4 21.Bxe4 Rxe4 22.Qd3 Qh6
23.d5 Na5 24.Bd4 c5 25.dxc6 Nxc6 26.h3 Nxd4 27.Nxd4 Nf6 28.Nf5 Qg6 29.Rf1 R4e5
30.Ref2 Ne4 31.Rf4 Ng3 32.R1f3 Nxf5 33.Rxf5 Rxf5 34.Rxf5 h6 35.Rd5 Qf6 36.Rd7 Qa1+
37.Kh2 Qe5+ 38.Kg1  1/2-1/2

[Event "33rd Rilton Cup"]
[Site "Stockholm SWE"]
[Date "2003.12.04"]
[Round "8"]
[White "Henriksson,J"]
[Black "Bromann,T"]
[Result "0-1"]
[WhiteElo "2187"]
[BlackElo "2323"]

1.d4 d5 2.c4 Nc6 3.cxd5 Qxd5 4.e3 e5 5.Nc3 Bb4 6.Bd2 Bxc3 7.bxc3 Qd6 8.Bd3 Nge7
9.Ne2 O-O 10.O-O b6 11.a4 f5 12.Bc1 Na5 13.Ba3 c5 14.Qb1 e4 15.Bc2 Ba6 16.Bb3+ Kh8
17.Re1 Rf6 18.Qa2 Rh6 19.Ng3 Rc8 20.c4 Qf6 21.d5 Qc3 22.Rab1 Nxb3 23.Qxb3 Qxb3
24.Rxb3 Bxc4 25.Rb2 Bxd5 26.a5 Bc4 27.Rd2 Bd3 28.f3 b5 29.Rc1 Rhc6 30.Bb2 c4
31.Bc3 Nd5 32.Bd4 c3 33.Rf2 exf3 34.gxf3 b4 35.e4 Nf4 36.Nxf5 Nh3+ 37.Kg2 Nxf2
38.Bxg7+ Kg8 39.Kxf2 b3 40.Rg1 Rg6  0-1

[Event "22nd SEA Games Standard w"]
[Site "Ho Chi Minh City VIE"]
[Date "2003.12.10"]
[Round "5"]
[White "Nguyen Thi Thanh An"]
[Black "Bui Kim Le"]
[Result "1-0"]
[WhiteElo "2331"]
[BlackElo "2240"]

1.d4 d5 2.c4 Nc6 3.cxd5 Qxd5 4.e3 e5 5.Nc3 Bb4 6.Bd2 Bxc3 7.bxc3 Qd6 8.Bd3 Nf6
9.Ne2 O-O 10.O-O Ne7 11.e4 Ne8 12.Kh1 f5 13.f4 exd4 14.e5 Qd7 15.Bc4+ Kh8
16.Nxd4 Nd5 17.Qf3 c6 18.Rad1 Nec7 19.Bc1 Qe7 20.Nc2 Rd8 21.Ba3 Qf7 22.Bb3 Be6
23.Nd4 a5 24.Bd6 Ne8 25.Nxe6 Qxe6 26.c4 Ndc7 27.c5 Qg6 28.Qh3 Ne6 29.Bc2 Nxd6
30.Rxd6 Rxd6 31.Bxf5  1-0

[Event "FSGM December"]
[Site "Budapest HUN"]
[Date "2003.12.11"]
[Round "6"]
[White "Berczes,D"]
[Black "Antal,Ge"]
[Result "0-1"]
[WhiteElo "2323"]
[BlackElo "2473"]

1.d4 d5 2.c4 Nc6 3.Nf3 Bg4 4.cxd5 Bxf3 5.gxf3 Qxd5 6.e3 e5 7.Nc3 Bb4 8.Bd2 Bxc3
9.bxc3 Qd6 10.Rb1 Rb8 11.Rg1 Nge7 12.f4 exf4 13.e4 Ng6 14.Qf3 O-O 15.Be2 Rfe8
16.Kf1 Nce5 17.Qg2 f3 18.Bxf3 Nxf3 19.Qxf3 Qa6+ 20.Qe2 Qxe2+ 21.Kxe2 Rxe4+
22.Kd3 Rh4 23.Rg5 b6 24.Re1 Rxh2 25.f4 Rd8 26.c4 Rh3+ 27.Kc2 f6 28.Rd5 Rxd5
29.cxd5 Kf7 30.Bb4 Rh5 31.d6 cxd6 32.Kb3 Rd5  0-1

[Event "FSIM December"]
[Site "Budapest HUN"]
[Date "2003.12.12"]
[Round "7"]
[White "Porat,I"]
[Black "Werner,Di"]
[Result "0-1"]
[WhiteElo "2255"]
[BlackElo "2342"]

1.d4 d5 2.c4 Nc6 3.Nf3 Bg4 4.e3 e5 5.dxe5 dxc4 6.Bxc4 Qxd1+ 7.Kxd1 Nxe5 8.Be2 O-O-O+
9.Bd2 Nd3 10.Bxd3 Rxd3 11.h3 Bxf3+ 12.gxf3 Ne7 13.Ke2 Rd7 14.Rg1 g6 15.Rd1 Nd5
16.e4 Nb6 17.Nc3 Bg7 18.Be1 Re8 19.Rac1 c6 20.Rxd7 Kxd7 21.b3 f5 22.Kd3 Ke6
23.Ke2 Kf7 24.Kd3 Nc8 25.Rc2 Nb6 26.Re2 Nd7 27.exf5 Ne5+ 28.Kc2 gxf5 29.f4 Nf3
30.Rxe8 Kxe8 31.Bd2 Nxd2 32.Kxd2 Bxc3+ 33.Kxc3 Ke7 34.Kc4 Kd6 35.b4 b6 36.a4 a6
37.Kd4 h5 38.h4 c5+ 39.bxc5+ bxc5+ 40.Kc4 Kc6 41.f3 Kd6  0-1

[Event "FSGM December"]
[Site "Budapest HUN"]
[Date "2003.12.17"]
[Round "12"]
[White "Horvath,P1"]
[Black "Antal,Ge"]
[Result "0-1"]
[WhiteElo "2457"]
[BlackElo "2473"]

1.d4 d5 2.c4 Nc6 3.Nc3 dxc4 4.Nf3 Nf6 5.Bg5 a6 6.d5 Na5 7.Qa4+ c6 8.b4 cxb3
9.axb3 e6 10.Bd2 b6 11.b4 Bxb4 12.Qxb4 exd5 13.e3 c5 14.Qa3 O-O 15.Be2 Nc4
16.Qa2 Be6 17.O-O b5 18.Bxc4 dxc4 19.Ng5 Bd7 20.e4 b4 21.Nd5 Bb5 22.Nxf6+ Qxf6
23.Be3 c3 24.Rfe1 c4 25.Nf3 b3 26.Qa3 Rfd8 27.Bg5 Qd6 28.Qa5 f6 29.e5 Qc6
30.exf6 gxf6 31.Qxc3 fxg5 32.Re7 Qg6 33.h4 Rd3 34.Qb2 Rad8 35.Rae1 Rd1 36.h5 Qh6
37.Qe5 Bc6 38.Qc3 Rxe1+ 39.Nxe1 Bd5 40.Nf3 Bf7 41.Re1 Qg7 42.Ne5 Re8 43.g4 h6
44.Re3 a5 45.Qxa5 b2 46.Qb5 Rxe5 47.Qb8+ Be8 48.Rxe5 b1=Q+ 49.Qxb1 Qxe5  0-1

[Event "Open"]
[Site "Lilie Litomysl CZE"]
[Date "2003.12.26"]
[Round "1"]
[White "Sabol,M"]
[Black "Prachar,J"]
[Result "1-0"]
[WhiteElo "2302"]
[BlackElo "2009"]

1.d4 d5 2.c4 Nc6 3.Nc3 dxc4 4.Nf3 Bg4 5.d5 Bxf3 6.gxf3 Ne5 7.Qd4 Ng6 8.Qxc4 a6
9.h4 h5 10.Qb3 Rb8 11.Be3 b5 12.O-O-O Nf6 13.Bd4 Qd6 14.e4 c5 15.dxc6 Qxc6
16.Bxf6 exf6 17.Qd5 Qc7 18.Bh3 Ne5 19.Kb1 Ba3 20.f4 Bxb2 21.Kxb2 Nc4+ 22.Ka1 Qxf4
23.Qc5 Nb6 24.Qc6+  1-0

[Event "12th Donau Open"]
[Site "Aschach GER"]
[Date "2003.12.27"]
[Round "3"]
[White "Lang,C"]
[Black "Aschenbrenner,R"]
[Result "0-1"]
[WhiteElo "2124"]
[BlackElo "2243"]

1.d4 d5 2.c4 Nc6 3.Nf3 Bg4 4.Nc3 e6 5.e3 Nf6 6.Qa4 Bxf3 7.gxf3 a6 8.cxd5 Nxd5
9.Bg2 Bb4 10.Bd2 O-O 11.f4 Qh4 12.O-O Bxc3 13.Bxc3 Nce7 14.Bb4 c6 15.Rac1 Nxb4
16.Qxb4 Rab8 17.Rc5 Nd5 18.Qd2 f5 19.Qe2 Rf6 20.Qf3 Rh6 21.Qg3 Qe7 22.Qg5 Qf7
23.Kh1 Nf6 24.Bf3 Rg6 25.Bh5 Nxh5 26.Qxh5 Rg1+  0-1

[Event "Hilton Chess Festival"]
[Site "Basel SUI"]
[Date "2004.01.03"]
[Round "6"]
[White "Curien,N"]
[Black "Souleidis,G"]
[Result "0-1"]
[WhiteElo "2232"]
[BlackElo "2395"]

1.d4 d5 2.c4 Nc6 3.Nc3 dxc4 4.Nf3 Nf6 5.e3 e5 6.Bxc4 exd4 7.exd4 Bd6 8.O-O O-O
9.h3 h6 10.Re1 Bf5 11.d5 Ne7 12.Be3 a6 13.a3 Ng6 14.Nd4 Bd7 15.Qd2 Re8 16.Rad1 Qc8
17.Bf1 Nh4 18.Bf4 Rxe1 19.Rxe1 Qf8 20.g3 Ng6 21.Bxd6 Qxd6 22.Bg2 Rd8 23.Qc2 Ne7
24.Qb3 Bc8 25.Nc2 Nf5 26.Qc4 Ne7 27.b4 b6 28.Nd4 Bb7 29.Nc6 Bxc6 30.dxc6 b5
31.Qe2 Nxc6 32.Rd1 Nd4 33.Qe3 c5 34.bxc5 Qxc5 35.Kh1 Rd7 36.Kh2 Ne6 37.Qxc5 Nxc5
38.Rxd7 Nfxd7 39.Nd5 Ne5 40.Ne3 Nc4 41.Nc2 Kf8 42.Kg1 Ke7 43.Kf1 Kd6 44.Ke2 a5
45.h4 Ne6 46.Kd3 Kc5 47.Kc3 Nxa3 48.Nxa3 b4+ 49.Kb2 bxa3+ 50.Kxa3 Kd4 51.Ka4 Kd3
52.Bf1+ Kd2 53.Bc4 Ke1 54.f4 Kf2 55.f5 Nd4 56.g4 f6 57.g5 Nxf5 58.gxf6 gxf6
59.h5 Ng3 60.Bf7 f5 61.Kxa5 f4 62.Kb4 Ke3  0-1

[Event "10th Open"]
[Site "Bosnjaci CRO"]
[Date "2004.01.07"]
[Round "8"]
[White "Jovanic,O"]
[Black "Fercec,N"]
[Result "0-1"]
[WhiteElo "2432"]
[BlackElo "2467"]

1.d4 d5 2.c4 Nc6 3.cxd5 Qxd5 4.e3 e5 5.Nc3 Bb4 6.Bd2 Bxc3 7.bxc3 Nf6 8.c4 Qd6
9.d5 Ne7 10.Qb1 O-O 11.Ne2 Bf5 12.Qb2 Ne4 13.Bb4 Qb6 14.Ng3 c5 15.Bc3 Nxc3
16.Qxc3 Bg6 17.Be2 Rfe8 18.O-O Nc8 19.e4 Nd6 20.Bd3 Qd8 21.Rab1 h5 22.Qc2 h4
23.Ne2 b5 24.Rxb5 Nxb5 25.cxb5 c4 26.Qxc4 Rc8 27.Qb3 h3 28.gxh3 Qh4 29.Ng3 Qxh3
30.b6 axb6 31.Bb5 Red8 32.Bc6 Rd6 33.Qf3 Rf6 34.Qg2 Qh6 35.f3 Qe3+ 36.Qf2 Rxf3
37.Qxe3 Rxe3 38.Rd1 Bxe4 39.Kf2 Rd3 40.Rxd3 Bxd3 41.Ke3 Bg6 42.Nf1 f5 43.Nd2 Be8
44.Bxe8 Rxe8 45.Nc4 Rd8 46.Nxb6 Rd6 47.Nc8 Ra6 48.Ne7+ Kf7 49.Nxf5 Rxa2 50.h4 Kf6
51.Ng3 Ra3+ 52.Kf2 Ra4 53.h5 Rd4 54.d6 Ke6 55.Ke3 Rxd6 56.Ne4 Rb6  0-1

[Event "1st WinTV Open"]
[Site "Chennai IND"]
[Date "2004.01.22"]
[Round "2"]
[White "Gokhale,J"]
[Black "Deric,P"]
[Result "1-0"]
[WhiteElo "2308"]
[BlackElo "2126"]

1.d4 d5 2.c4 Nc6 3.Nf3 Bg4 4.cxd5 Bxf3 5.dxc6 Bxc6 6.Nc3 e6 7.a3 Nf6 8.f3 Be7
9.e4 Qd7 10.Be3 O-O 11.Be2 b6 12.O-O Bb7 13.Qc2 Rac8 14.Rfd1 Rfd8 15.b4 c6
16.Qb3 Qe8 17.Rac1 Ba8 18.Na4 Rd7 19.Nb2 h6 20.Nc4 Nh7 21.Ne5 Rdc7 22.Rc2 Bb7
23.Rdc1 Bd6 24.Nc4 Be7 25.a4 Qf8 26.Rb1 c5 27.dxc5 bxc5 28.b5 a6 29.b6 Rd7
30.Na5 Ra8 31.Nxb7 Rxb7 32.a5 Qc8 33.Rbc1 Rd7 34.Bxc5 Bg5 35.Be3 Qd8 36.Bxg5  1-0

[Event "1st WinTV Open"]
[Site "Chennai IND"]
[Date "2004.01.23"]
[Round "4"]
[White "Suvrajit,S"]
[Black "Deric,P"]
[Result "1-0"]
[WhiteElo "2351"]
[BlackElo "2126"]

1.d4 d5 2.c4 Nc6 3.cxd5 Qxd5 4.e3 e5 5.Nc3 Bb4 6.Bd2 Bxc3 7.Bxc3 exd4 8.Ne2 Bg4
9.f3 Bxf3 10.gxf3 Qxf3 11.Nxd4 Qxh1 12.Nxc6 Nf6 13.Bxf6 gxf6 14.Nd4 Qxh2
15.Qg4 Qe5 16.O-O-O Rd8 17.Rd3 h5 18.Qg7 Ke7 19.Bh3 Rdg8 20.Nc6+ bxc6 21.Rd7+  1-0

[Event "Open"]
[Site "Marianske Lazne CZE"]
[Date "2004.01.24"]
[Round "1"]
[White "Safyanovsky,M"]
[Black "Muehlhan,K"]
[Result "1-0"]
[WhiteElo "2378"]
[BlackElo "1827"]

1.d4 d5 2.c4 Nc6 3.Nf3 Bg4 4.cxd5 Bxf3 5.gxf3 Qxd5 6.e3 e5 7.Nc3 Bb4 8.Bd2 Bxc3
9.bxc3 exd4 10.cxd4 Nf6 11.Be2 O-O 12.Qb3 Rab8 13.Qxd5 Nxd5 14.O-O Rfe8 15.Bb5 Nde7
16.Rfc1 a6 17.Ba4 Rbd8 18.Rab1 b5 19.Bb3 Rd6 20.Rc5 Red8 21.Rbc1 Kf8 22.f4 h6
23.Be1 f5 24.d5 Nb8 25.Bb4 a5 26.Bxa5 Nxd5 27.Bxc7 Nxc7 28.Rxf5+  1-0

[Event "75th ch-GER"]
[Site "Hoeckendorf GER"]
[Date "2004.01.31"]
[Round "2"]
[White "Wisnewski,C"]
[Black "Giessmann,S"]
[Result "1-0"]
[WhiteElo "2409"]
[BlackElo "2287"]

1.d4 d5 2.c4 Nc6 3.cxd5 Qxd5 4.e3 e5 5.Nc3 Bb4 6.Bd2 Bxc3 7.Bxc3 exd4 8.Ne2 Nf6
9.Nxd4 O-O 10.Nxc6 Qxc6 11.Qf3 Qxf3 12.gxf3 Nd5 13.Bd4 Be6 14.Rg1 g6 15.Rc1 Rfd8
16.h4 Rd7 17.h5 Ne7 18.hxg6 fxg6 19.a3 Nf5 20.Be5 Re8 21.f4 c6 22.Rd1 Red8
23.Be2 Kf7 24.Bc7 Rxd1+ 25.Bxd1 Rd7 26.Bb8 a5 27.Be5 Bd5 28.Bc3 b6 29.Bc2 Bf3
30.Rg5 c5 31.Bb3+ Kf8 32.Bd2 Nh4 33.Bc3 h5 34.Re5 Bg4 35.Rd5 Rxd5 36.Bxd5 Ke7
37.Bc4 Be6 38.Bd3 Bf5 39.e4 Bg4 40.Kd2 Bd7 41.Ke3 Bg4 42.Bf1 Bf3 43.Be5 Bg2
44.Be2 Bh3 45.f3 Kd7 46.Kf2 Nf5 47.exf5 Bxf5 48.Bb5+ Kc8 49.Kg3  1-0

[Event "TCh-BEL2 2003-4"]
[Site "Belgium BEL"]
[Date "2004.02.01"]
[Round "8"]
[White "Happel,Hen"]
[Black "Demarcke,D"]
[Result "1-0"]
[WhiteElo "2239"]
[BlackElo "2186"]

1.d4 d5 2.c4 Nc6 3.cxd5 Qxd5 4.e3 e5 5.Nc3 Bb4 6.Bd2 Bxc3 7.bxc3 Qd6 8.Ne2 Nge7
9.Ng3 O-O 10.Bd3 f5 11.O-O Be6 12.Qa4 a6 13.Bc1 b5 14.Qa3 Rfe8 15.Qxd6 cxd6
16.Ba3 Rad8 17.Rfc1 e4 18.Be2 Na5 19.Bb4 Nec6 20.d5 Bxd5 21.Nxf5 Bc4 22.Bxa5 Nxa5
23.Bxc4+ Nxc4 24.a4 Ra8 25.axb5 axb5 26.Nd4 Na3 27.Ra2 Ra7 28.Rca1 Rea8 29.Nc2 b4
30.cxb4 Nb5 31.Rxa7 Rxa7 32.Rxa7 Nxa7 33.Nd4 Kf7 34.Kf1 g6 35.Ke2 Kf6 36.b5 Nc8
37.Kd2 Ke7 38.Kc3 d5 39.Kb4 Kd6 40.Ka5 Kc7 41.Ka6 Nd6 42.Ne6+ Kb8 43.b6 Nf5
44.b7 Nd6 45.Nc5 Kc7 46.Ka7 Nxb7 47.Nxb7 Kc6 48.Na5+ Kb5 49.Nb3 Kc4 50.Kb6 Kxb3
51.Kc5 Kc3 52.Kxd5 Kd3 53.Ke5 h6 54.g4 h5 55.gxh5 gxh5 56.h4 Ke2 57.Kxe4 Kxf2
58.Kf4  1-0

[Event "75th ch-GER"]
[Site "Hoeckendorf GER"]
[Date "2004.02.02"]
[Round "4"]
[White "Budde,V"]
[Black "Wisnewski,C"]
[Result "0-1"]
[WhiteElo "2309"]
[BlackElo "2409"]

1.d4 d5 2.c4 Nc6 3.Nf3 Bg4 4.cxd5 Bxf3 5.gxf3 Qxd5 6.e3 e5 7.Nc3 Bb4 8.Bd2 Bxc3
9.bxc3 Qd6 10.Rb1 b6 11.Bc4 Nge7 12.f4 exf4 13.e4 Ng6 14.Rb5 O-O-O 15.Qg4+ Kb8
16.O-O Nge5 17.dxe5 Qxd2 18.Bxf7 a6 19.Rd5 Rxd5 20.Bxd5 Nxe5 21.Qxg7 Re8
22.Rb1 b5 23.Qh6 Qd3 24.Rc1 Qd2 25.Rb1 Ka7 26.Qxh7 Qxc3 27.Rb3 Qc1+ 28.Kg2 f3+
29.Rxf3 Nxf3 30.Kxf3 Rf8+ 31.Kg2 Qf4 32.e5 Qxf2+ 33.Kh3 Qe3+  0-1